00000000nam 2200000za 4500
0019.842845
003CaOODSP
00520221107152417
007cr |||||||||||
008170831s2017    onca   #o    f000 0 fre d
020 |a978-0-660-09467-0
040 |aCaOODSP|bfre
043 |an-cn---
0861 |aFA1-26/2017-1-3F-PDF
1101 |aCanada. |bBureau du vérificateur général.
24513|aLe financement des technologies de l’énergie propre |h[ressource électronique] : |brapport de l'auditeur indépendant.
24617|aRapports de la commissaire à l’environnement et au développement durable au Parlement du Canada - automne 2017 : |brapport 3
260 |a[Ottawa] : |bBureau du vérificateur général du Canada, |cc2017.
300 |aiii, 25 p. : |bill. en coul.
4901 |aRapports de la commissaire à l'environnement et au développement durable au Parlement du Canada, |x2561-1828 ; |vAutomne 2017, rapport 3
500 |aPubl. aussi en anglais sous le titre : Funding clean energy technologies : independent auditor's report.
520 |a« Le présent audit visait à déterminer si Ressources naturelles Canada et Technologies du développement durable Canada avaient géré les projets de démonstration financés par trois fonds fédéraux pour les technologies de l’énergie propre conformément aux conditions établies par les fonds. Il visait aussi à déterminer si Ressources naturelles Canada et Technologies du développement durable Canada avaient défini comment les projets financés sélectionnés favorisaient la réduction des émissions de gaz à effet de serre (GES). » -- Objet de l'audit, p. 4.
530 |aÉgalement publié en version imprimée.
69207|2gccst|aGouvernement fédéral
69207|2gccst|aTechnologie propre
69207|2gccst|aFinancement
7101 |aCanada. |bCommissaire à l'environnement et au développement durable.
77508|tFunding clean energy technologies |w(CaOODSP)9.842806
7760#|tLe financement des technologies de l’énergie propre |w(CaOODSP)9.842897
830#0|aRapports de la commissaire à l'environnement et au développement durable au Parlement du Canada,|x2561-1828 ; |vAutomne 2017, rapport 3.|w(CaOODSP)9.842752
85640|qPDF|s700 Ko|uhttps://publications.gc.ca/collections/collection_2017/bvg-oag/FA1-26-2017-1-3-fra.pdf